| 000 | 00550nam a2200205Ia 4500 | ||
|---|---|---|---|
| 003 | GCL | ||
| 008 | 140319s9999 xx 000 0 eng d | ||
| 040 |
_aGCL / _cGCL |
||
| 082 | 0 | 4 |
_a658.16 _bB C |
| 100 | 1 | _aERNST, DOVID | |
| 245 | 1 | 0 |
_aCALLOBRATING TO COMPETE / _cERNST, DOVID |
| 700 | 1 | _aBLECKE, JOEL | |
| 260 |
_a[S.N] : _bJOHN WILEY AND SONS. INC ، _c1992 |
||
| 300 | _a284 | ||
| 650 | 0 | 4 | _aBUSINESS |
| 650 | 0 | 4 | _aSTRATEGIC ALLIANCES |
| 650 | 0 | 4 | _aCONSOLIDATION AND MERGER OF CO |
| 650 | 0 | 4 | _aCOMPETITION INTERNATIONAL |
| 942 |
_2ddc _cBK |
||
| 999 |
_c20454 _d20454 |
||